[Event "R1 Libre Echiquier Muret-CEIT4"]
[Site "Libre Echiquier Muret"]
[Date "2005.02.05"]
[Round "5"]
[White "Chevalier, Pierre"]
[Black "Dolique, Pascal"]
[Result "0-1"]
[WhiteElo "1300"]
[BlackElo "1240"]
[EventDate "2005.??.??"]
[PlyCount "44"]

1.e4 e5 2.Nf3 d6 3.d4 Nd7 4.Bc4 Be7 5.O-O Ngf6 6.Re1 O-O 7.Bg5 Nb6 8.Bb3 
Nh5 9.Bxe7 Qxe7 10.h3 Nf4 11.Nh2 Qg5 12.Qf3 Bxh3 13.g3 Kh8 14.Nc3 Bd7 15.
d5 f5 16.Ne2 Nh3+ 17.Kh1 fxe4 18.Qxe4 Nxf2+ 19.Kg1 Nxe4 20.Rf1 Bh3 21.
Rxf8+ Rxf8 22.Nf3 Rxf3 0-1

[Event "N4-R5 Ramonville / Loures-Barousse"]
[Site "?"]
[Date "2005.02.06"]
[Round "?"]
[White "Xanthakis, Spyros"]
[Black "Durand, Stephane"]
[Result "1-0"]
[WhiteElo "1720"]
[BlackElo "1400"]
[EventDate "2005.02.06"]
[PlyCount "55"]

1.e4 d6 2.d4 Nf6 3.Nc3 g6 4.f4 Bg7 5.e5 dxe5 6.fxe5 Nd5 7.Bc4 Nxc3 8.bxc3 
O-O 9.Nf3 Bg4 10.O-O Nd7 11.h3 Bf5 12.g4 Nb6 13.Bb3 Be4 14.Qe2 Bd5 15.c4 
Bc6 16.c3 e6 17.Ba3 Re8 18.Rad1 Bf8 19.Bc1 Qe7 20.Bg5 Qd7 21.Bf6 Bg7 22.g5
Na4 23.Qe3 b6 24.Nh2 b5 25.Bxa4 bxa4 26.Ng4 Rf8 27.Qf4 h5 28.gxh6 1-0

[Event "N4-R5 Ramonville / Loures-Barousse"]
[Site "?"]
[Date "2005.02.06"]
[Round "?"]
[White "Ponsolle, René"]
[Black "Bolon, Karelle"]
[Result "1/2-1/2"]
[WhiteElo "1440"]
[BlackElo "2042"]
[EventDate "2005.02.06"]
[Annotator "p.oriot"]
[PlyCount "90"]

1.e4 c5 2.Nf3 e6 3.Be2 g6 4.c3 Bg7 5.d4 cxd4 6.cxd4 Qb6 7.O-O Ne7 8.Nc3 d5
9.Na4 Qc7 10.e5 b6 11.Bf4 Ba6 12.Rc1 Qd7 13.b3 O-O 14.Qd2 Bxe2 15.Qxe2 
Nbc6 16.Qd2 Rfc8 17.Rc2 Rc7 18.Rfc1 Rac8 19.h3 Na5 20.Rxc7 Rxc7 21.Rxc7 
Qxc7 22.Qc3 Qxc3 23.Nxc3 a6 24.g4 b5 25.Ne1 Nec6 26.Nc2 f6 27.exf6 Bxf6 
28.Bc7 Nb7 29.Ne2 g5 30.Kg2 Kf7 31.Kg3 a5 32.f4 gxf4+ 33.Kxf4 h6 34.Kf3 
Ke7 35.Bf4 Bg7 36.Ke3 e5 37.Bxe5 Nxe5 38.dxe5 Bxe5 39.Ncd4 Nd6 40.Nc6+ 
    ( 40.Nc3 $1 $18 )
40...Ke6 41.Nxe5 Kxe5 42.Nd4 a4 43.Nf3+ Ke6 44.Nd4+ Ke5 45.Nf3+ Ke6 
1/2-1/2

[Event "N4-R5 Ramonville / Loures-Barousse"]
[Site "?"]
[Date "2005.02.06"]
[Round "?"]
[White "Cordier, Quentin"]
[Black "Jarlaud, Levi"]
[Result "0-1"]
[WhiteElo "1250"]
[BlackElo "1199"]
[EventDate "2005.02.06"]
[PlyCount "114"]

1.f4 Nf6 2.Nf3 c5 3.e3 d5 4.b3 e6 5.Bb2 Nbd7 6.Bb5 a6 7.Be2 b5 8.c4 bxc4 
9.bxc4 Rb8 10.Qc2 Be7 11.Nc3 Nb6 12.cxd5 exd5 13.Ne5 Bb7 14.Na4 d4 15.Nxc5
dxe3 16.dxe3 Bxg2 17.Rg1 Rc8 18.Bd4 Ne4 19.Rxg2 Nxc5 20.Bxc5 Bxc5 21.Rd1 
Qh4+ 22.Kf1 Bxe3 23.Qd3 Qxf4+ 24.Nf3 O-O 25.Qd6 Qa4 26.Qe5 Bh6 27.Rd6 Rc1+
28.Ne1 Qh4 29.Qg3 Qxg3 30.Rxg3 Bf4 31.Rxb6 Bxg3 32.hxg3 Re8 33.Rxa6 Rc3 
34.Kg1 Rxg3+ 35.Kh1 Rge3 36.Bc4 Rxe1+ 37.Kg2 g6 38.a4 R8e4 39.Bb5 Rb4 40.
Rb6 Ra1 41.Rb8+ Kg7 42.Rd8 Ra3 43.Rd2 h5 44.Bc6 Kh6 45.Rf2 f5 46.Bf3 Rbxa4
47.Kg1 Ra1+ 48.Kg2 R4a2 49.Rxa2 Rxa2+ 50.Kg1 Rb2 51.Kh1 g5 52.Bd5 g4 53.
Bg2 f4 54.Kg1 Rb1+ 55.Kf2 f3 56.Bxf3 gxf3 57.Kxf3 Rg1 0-1

[Event "R1 Vic-Ramonville2"]
[Site "Vic"]
[Date "2005.02.06"]
[Round "5"]
[White "Thimognier, Victor"]
[Black "Rizzo, Carlo"]
[Result "1/2-1/2"]
[WhiteElo "1540"]
[BlackElo "1570"]
[EventDate "2005.??.??"]
[PlyCount "145"]

1.d4 Nf6 2.c4 c5 3.e3 e6 4.Nc3 Nc6 5.Nf3 Be7 6.Bd3 O-O 7.O-O Nb4 8.Bb1 d5 
9.a3 Nc6 10.Qd3 dxc4 11.Qxc4 Na5 12.Qd3 c4 13.Qc2 Nb3 14.Ra2 Bd7 15.e4 g6 
16.e5 Nd5 17.Bh6 Re8 18.Ne4 b5 19.Ng3 Bf8 20.Bg5 Qb6 21.Nh5 Nxd4 22.Nxd4 
Qxd4 23.Nf6+ Nxf6 24.Bxf6 Bc6 25.Qe2 Bg7 26.Rd1 Qc5 27.Be4 Bxf6 28.Bxc6 
Qxc6 29.exf6 e5 30.b3 cxb3 31.Rb2 a6 32.Rxb3 Qxf6 33.Rd7 Qe6 34.Rbd3 Qc4 
35.Qd2 Kg7 36.h3 Qc5 37.Rc3 Qb6 38.Rcc7 Rf8 39.Qd5 Qf6 40.Rc6 Qf5 41.h4 
Rac8 42.Rdc7 Rcd8 43.Rd6 Rxd6 44.Qxd6 Qf6 45.Qxf6+ Kxf6 46.Rc6+ Kf5 47.
Rxa6 Rd8 48.Ra5 Rd1+ 49.Kh2 Rb1 50.Ra7 Kf6 51.Ra6+ Kg7 52.f3 b4 53.axb4 
Rxb4 54.Kh3 f5 55.Ra3 Kh6 56.Re3 Kh5 57.g3 e4 58.fxe4 Rxe4 59.Rxe4 fxe4 
60.g4+ Kh6 61.Kg3 Kg7 62.Kf4 Kf6 63.g5+ Ke7 64.Kxe4 Ke6 65.Kf4 Kd5 66.Kg4 
Ke4 67.h5 Ke5 68.hxg6 hxg6 69.Kg3 $11 Kf5 70.Kf3 Kxg5 71.Kg3 Kf5 72.Kf3 g5
73.Kg3 1/2-1/2

[Event "R1 Vic-Ramonville2"]
[Site "Vic"]
[Date "2005.02.06"]
[Round "5"]
[White "Reglade, Michel-Antoine"]
[Black "Moro, Sebastien"]
[Result "1-0"]
[WhiteElo "1499"]
[BlackElo "1499"]
[EventDate "2005.??.??"]
[PlyCount "49"]

1.e4 e5 2.Nf3 Nc6 3.d4 d5 4.Nc3 Nf6 5.dxe5 Ng4 6.Bg5 f6 7.exf6 gxf6 8.Bh4 
Bb4 9.Bb5 a6 10.Bxc6+ bxc6 11.Qd4 a5 12.O-O Be6 13.h3 c5 14.Qd1 Nh6 15.
exd5 Bd7 16.Qd2 Nf5 17.Rfe1+ Kf8 18.Qf4 Nxh4 19.Qh6+ Kf7 20.Nxh4 c4 21.Re4
Bf8 22.Qh5+ Kg8 23.Rae1 Be7 24.Rxe7 Kf8 25.Qf7# 1-0

[Event "R1 Vic-Ramonville2"]
[Site "Vic"]
[Date "2005.02.06"]
[Round "5"]
[White "Mary, Jean-Francois"]
[Black "Labat, Jory"]
[Result "1-0"]
[WhiteElo "1580"]
[BlackElo "1650"]
[EventDate "2005.??.??"]
[PlyCount "67"]

1.d4 Nf6 2.Nf3 e6 3.Bg5 h6 4.Bxf6 Qxf6 5.e4 b6 6.Nbd2 Bb7 7.Bd3 d5 8.e5 
Qd8 9.Qe2 Be7 10.O-O-O O-O 11.g4 c5 12.c3 c4 13.Bb1 b5 14.Nf1 b4 15.Qc2 g6
16.h4 Qb6 17.h5 b3 18.axb3 cxb3 19.Qd2 Kg7 20.hxg6 Rh8 21.gxf7 Nd7 22.Qd3 
Nf8 23.g5 hxg5 24.N1d2 Rc8 25.Rxh8 Kxf7 26.Rg1 Qa5 27.Nxb3 Qb4 28.Nbd2 Qa5
29.Nxg5+ Ke8 30.Nxe6 Ba3 31.Rxf8+ Kd7 32.Rxc8 Bxc8 33.Nc5+ Kc6 34.Rg6+ 1-0

[Event "R1 Vic-Ramonville2"]
[Site "Vic"]
[Date "2005.02.06"]
[Round "5"]
[White "Labat, Thierry"]
[Black "Reglade, Ulysse"]
[Result "1-0"]
[WhiteElo "1400"]
[BlackElo "1370"]
[EventDate "2005.??.??"]
[PlyCount "73"]

1.d4 d5 2.c4 c6 3.Nc3 Nf6 4.Bg5 Be6 5.c5 Bf5 6.Bxf6 gxf6 7.Nf3 Bg7 8.e3 
O-O 9.Bd3 Bg4 10.h3 Bh5 11.Be2 Bg6 12.Bd3 Bh5 13.Be2 Bg6 14.Nh4 Be4 15.Bf3
f5 16.Bxe4 fxe4 17.Nf5 Qc8 18.Qg4 Qxf5 19.Qxf5 e6 20.Qg4 f5 21.Qf4 Rf6 22.
Qc7 Rf7 23.Qc8+ Rf8 24.Qxb7 Nd7 25.Qxd7 Rad8 26.Qxe6+ Kh8 27.Qxc6 Rf6 28.
Qb7 Ra8 29.Nxd5 Rff8 30.O-O Rab8 31.Qxa7 Rxb2 32.Rab1 Rbb8 33.Rxb8 Rg8 34.
Rxg8+ Kxg8 35.Rb1 Bf8 36.Nf6+ Kh8 37.Qxh7# 1-0

[Event "R1 Vic-Ramonville2"]
[Site "Vic"]
[Date "2005.02.06"]
[Round "5"]
[White "Giraut, Laurent"]
[Black "Rouveret, Philippe"]
[Result "1/2-1/2"]
[WhiteElo "1880"]
[BlackElo "1740"]
[EventDate "2005.??.??"]
[PlyCount "57"]

1.d4 c5 2.Nf3 cxd4 3.Nxd4 d5 4.c4 e5 5.Nf3 d4 6.e3 Bb4+ 7.Bd2 Bxd2+ 8.Qxd2
Nc6 9.Be2 Nf6 10.O-O O-O 11.Rd1 Re8 12.Na3 Bg4 13.Ne1 Ne4 14.Qc2 Bf5 15.
Bd3 Nb4 16.Qe2 Nxd3 17.Nxd3 Qb6 18.f3 Nc5 19.e4 Bd7 20.b3 Rac8 21.Nc2 Nxd3
22.Qxd3 Qg6 23.Rd2 f5 24.Nb4 fxe4 25.fxe4 Bc6 26.Nxc6 Rxc6 27.Rf1 b5 28.
Rc2 Rec8 29.Rfc1 1/2-1/2

[Event "R1 Luchon-EVT1"]
[Site "Luchon"]
[Date "2005.02.06"]
[Round "5.6"]
[White "Taieb, Marcel"]
[Black "Moreau, Maximilien"]
[Result "1-0"]
[WhiteElo "1700"]
[BlackElo "1470"]
[EventDate "2005.??.??"]
[PlyCount "69"]

1.d4 g6 2.c4 Bg7 3.Nc3 Nf6 4.Bg5 O-O 5.e3 d6 6.Bd3 Nbd7 7.Nf3 c5 8.d5 Nb6 
9.Qc2 Bg4 10.Nh4 Qe8 11.h3 Bd7 12.Nf3 e6 13.Bxf6 Bxf6 14.h4 exd5 15.cxd5 
c4 16.Be4 Bxc3+ 17.bxc3 Ba4 18.Qb1 Rc8 19.h5 Rc5 20.hxg6 fxg6 21.Ng5 Rb5 
22.Qc1 h5 23.Rb1 Qe5 24.f4 Rxb1 25.Qxb1 Qxc3+ 26.Ke2 Re8 27.Rc1 Qa3 28.Ne6
Bd7 29.Bxg6 Re7 30.Bh7+ Kh8 31.Qg6 Qxa2+ 32.Rc2 Qxc2+ 33.Qxc2 Rxh7 34.Qf5 
Rg7 35.Qf8+ 1-0

[Event "R1 Luchon-EVT1"]
[Site "Luchon"]
[Date "2005.02.06"]
[Round "5.5"]
[White "Lefauqueur, Alain"]
[Black "Chevauché, Alain"]
[Result "1/2-1/2"]
[WhiteElo "1410"]
[BlackElo "1730"]
[EventDate "2005.??.??"]
[PlyCount "116"]

1.e4 d5 2.exd5 Qxd5 3.Nc3 Qa5 4.d4 c6 5.Nf3 Nf6 6.Bd2 Bg4 7.h3 Bh5 8.g4 
Bg6 9.Ne5 Nbd7 10.Nxg6 hxg6 11.Bg2 e6 12.Ne2 Qc7 13.Bc3 Be7 14.Qd3 Nd5 15.
Bxd5 exd5 16.O-O-O O-O-O 17.Qf3 Nf6 18.Ng3 Bd6 19.Nf1 Ne4 20.Kb1 Rhf8 21.
h4 Qb6 22.Nd2 Nxc3+ 23.Qxc3 Bb4 24.Qd3 Bxd2 25.Rxd2 Rde8 26.c3 Qd8 27.Re2 
Qf6 28.Qd2 Qf3 29.Rxe8+ Rxe8 30.Qd1 Qxf2 31.Rf1 Qxh4 32.a3 Qe7 33.Qf3 f6 
34.Ka2 Qe3 35.Qg2 Re4 36.Rg1 Qe2 37.Qh3 Re7 38.Rg2 Qc4+ 39.b3 Re2+ 40.Rxe2
Qxe2+ 41.Kb1 Qd1+ 42.Kb2 Qe2+ 43.Kb1 Qe7 44.b4 Kc7 45.Qh2+ Kb6 46.Kc2 Qe4+
47.Kb3 Qb1+ 48.Qb2 Qxb2+ 49.Kxb2 f5 50.g5 a5 51.a4 Ka6 52.Kc2 b6 53.Kd3 
Kb7 54.bxa5 bxa5 55.Ke3 Kc7 56.Kf4 Kd7 57.Kf3 c5 58.Kf4 Kc6 1/2-1/2

[Event "R1 Luchon-EVT1"]
[Site "Luchon"]
[Date "2005.02.06"]
[Round "5.3"]
[White "Lloveras, Jean-Jacques"]
[Black "Garcia del Prado, Bruno"]
[Result "0-1"]
[WhiteElo "1550"]
[BlackElo "1660"]
[EventDate "2005.??.??"]
[PlyCount "58"]

1.c4 e5 2.Nc3 Nf6 3.e4 Nc6 4.Nf3 Bc5 5.Be2 O-O 6.O-O Re8 7.a3 a5 8.h3 d6 
9.d3 h6 10.Bd2 Re6 11.Rb1 Nh5 12.Be3 Rg6 13.Bxc5 Bxh3 14.Kh2 Rxg2+ 15.Kh1 
dxc5 16.Rg1 Rxg1+ 17.Kxg1 Nf4 18.Bf1 Bxf1 19.Qxf1 Qxd3 20.Qxd3 Nxd3 21.Kg2
f6 22.Nh4 Ne7 23.Ne2 Kf7 24.Rd1 Rd8 25.Kf3 g5 26.Nf5 g4+ 27.Ke3 Nxf5+ 28.
exf5 e4 29.Kxe4 Nxf2+ 0-1

[Event "R1 Luchon-EVT1"]
[Site "Luchon"]
[Date "2005.02.06"]
[Round "5.2"]
[White "Alonso, Jesus"]
[Black "Durand, Christian"]
[Result "1-0"]
[WhiteElo "1830"]
[BlackElo "1499"]
[EventDate "2005.??.??"]
[PlyCount "107"]

1.e4 g6 2.d4 Bg7 3.Bc4 d6 4.Qf3 e6 5.Ne2 Nf6 6.O-O O-O 7.Bg5 Nbd7 8.Rd1 e5
9.d5 a6 10.a4 a5 11.Nbc3 Nb6 12.Bb3 Bg4 13.Qe3 Bxe2 14.Qxe2 Qd7 15.Bxf6 
Bxf6 16.Rd3 Bg7 17.g4 Qe7 18.Rg3 Bh6 19.Rd1 Kh8 20.Rh3 Qg5 21.Rg3 Nd7 22.
Qe3 Qxe3 23.fxe3 Nc5 24.g5 Bg7 25.h4 Nxb3 26.cxb3 f5 27.gxf6 Rxf6 28.Nb5 
Rc8 29.Rc1 c5 30.dxc6 Rxc6 31.Rxc6 bxc6 32.Na7 d5 33.exd5 cxd5 34.Rg2 d4 
35.exd4 exd4 36.Rg5 Rf5 37.Nc6 d3 38.Rxf5 gxf5 39.Kf2 f4 40.b4 axb4 41.a5 
Bf8 42.a6 Bc5+ 43.Ke1 Be3 44.a7 d2+ 45.Kd1 Bxa7 46.Nxa7 Kg7 47.Kxd2 Kg6 
48.Ke2 Kf5 49.Kf3 h5 50.b3 Ke5 51.Nc6+ Kd5 52.Nxb4+ Kc5 53.Nd3+ Kb5 54.
Kxf4 1-0

[Event "R1 Luchon-EVT1"]
[Site "Luchon"]
[Date "2005.02.06"]
[Round "5.1"]
[White "Moreau, Philippe"]
[Black "Cesbron, Guy"]
[Result "1/2-1/2"]
[WhiteElo "1740"]
[BlackElo "2133"]
[EventDate "2005.??.??"]
[PlyCount "130"]

1.e4 c5 2.b4 cxb4 3.d4 e6 4.Bd3 d5 5.e5 Nc6 6.Nf3 Nge7 7.Bg5 Qb6 8.O-O h6 
9.Be3 Nf5 10.Bxf5 exf5 11.a3 Be6 12.c4 bxc3 13.Nxc3 Qc7 14.Nb5 Qd7 15.Qa4 
Be7 16.Rfc1 O-O 17.Qc2 Rfc8 18.Qd2 a6 19.Nc3 Na5 20.Rcb1 Nc4 21.Qc1 b5 22.
h4 Nxe3 23.Qxe3 f4 24.Qd2 Bg4 25.e6 Bxe6 26.Ne5 Qd6 27.Ne2 Bxh4 28.Qxf4 
Bf6 29.Rb3 Qe7 30.Rg3 Kh7 31.Qd2 Bf5 32.Qf4 Be6 33.Qd2 g5 34.Qd3+ Kh8 35.
Kh2 Bg7 36.Rh1 Bxe5 37.dxe5 Rc4 38.Kg1 Kg7 39.Nd4 Rc1+ 40.Kh2 Rxh1+ 41.
Kxh1 Kh8 42.Qf3 Rc8 43.Qh5 Kh7 44.Rf3 Rc4 45.Rf6 Qxf6 46.exf6 Rxd4 47.Qe2 
Kg6 48.Qe5 Re4 49.Qd6 d4 50.Qd8 Rf4 51.f3 h5 52.Kg1 h4 53.Kf2 Bc4 54.g4 
hxg3+ 55.Kxg3 d3 56.Kf2 Rh4 57.Ke3 Rf4 58.Qg8+ Kxf6 59.Qh8+ Ke6 60.Qh6+ f6
61.Qh3+ Kd6 62.Qc8 a5 63.Qd8+ Kc6 64.Qxa5 Kb7 65.Qd8 Kc6 1/2-1/2

[Event "R1 Gambit de Muret-St Foy"]
[Site "Gambit de Muret"]
[Date "2005.02.06"]
[Round "5"]
[White "Trier, Marc"]
[Black "Le Digabel, Patrick"]
[Result "1-0"]
[WhiteElo "1520"]
[BlackElo "1600"]
[EventDate "2005.??.??"]
[PlyCount "101"]

1.e4 e6 2.d4 d5 3.e5 c5 4.c3 Nc6 5.Nf3 Qb6 6.Be2 cxd4 7.cxd4 Bb4+ 8.Bd2 
Be7 9.Bc3 Bd7 10.Nbd2 f6 11.Nb3 Nh6 12.Qd2 a6 13.h3 fxe5 14.dxe5 Nf7 15.
O-O a5 16.Rfe1 a4 17.Nc1 Bc5 18.Nd3 Be7 19.Nf4 Bc5 20.Bf1 d4 21.Rad1 Rd8 
22.Bxd4 Nxd4 23.Nxd4 Bb4 24.Qe3 Bxe1 25.Qxe1 O-O 26.Bc4 Rfe8 27.Qe2 Bc6 
28.Nfxe6 Rd7 29.Nxc6 Rxd1+ 30.Qxd1 Qxc6 31.Qg4 g6 32.Ng5 Rf8 33.Bxf7+ Rxf7
34.Nxf7 Kxf7 35.Qf3+ Qxf3 36.gxf3 Ke6 37.f4 Kf5 38.Kg2 g5 39.e6 Kxe6 40.
fxg5 Kf5 41.h4 Kg4 42.f4 b6 43.f5 Kxf5 44.Kf3 b5 45.a3 Kg6 46.Kg4 Kf7 47.
Kf5 Kg7 48.h5 Kf7 49.g6+ hxg6+ 50.hxg6+ Kg7 51.Ke5 1-0

[Event "R1 Gambit de Muret-St Foy"]
[Site "Gambit de Muret"]
[Date "2005.02.06"]
[Round "5"]
[White "Phan, Van-Chuong"]
[Black "Lacresse, Régis"]
[Result "0-1"]
[WhiteElo "1780"]
[BlackElo "1840"]
[EventDate "2005.??.??"]
[PlyCount "110"]

1.Nf3 c6 2.c4 Nf6 3.g3 g6 4.b3 Bg7 5.Bb2 O-O 6.Bg2 d6 7.O-O a5 8.d3 Qc7 9.
Nbd2 Nbd7 10.a3 Re8 11.Qc2 e5 12.b4 h6 13.Bc3 a4 14.Rab1 d5 15.e3 b6 16.
Rfc1 Bb7 17.c5 bxc5 18.bxc5 Ba6 19.d4 e4 20.Ne1 h5 21.Rb4 Bb5 22.Rcb1 Re6 
23.Bh3 Ng4 24.Qd1 f5 25.Rxb5 cxb5 26.Rxb5 Qc6 27.Rb4 Nxc5 28.Bf1 Nd3 29.
Nxd3 exd3 30.Nb1 h4 31.Qxd3 hxg3 32.hxg3 Nf6 33.Rb5 Bf8 34.Bb4 Bxb4 35.
Rxb4 Ree8 36.Qc3 Rec8 37.Qxc6 Rxc6 38.Bb5 Rc7 39.Bxa4 Rxa4 40.Rxa4 Rc1+ 
41.Kg2 Rxb1 42.f3 Rb3 43.Kf2 Rb2+ 44.Kf1 Nh5 45.g4 fxg4 46.fxg4 Ng3+ 47.
Kg1 Ne2+ 48.Kf1 Nc3 49.Ra8+ Kf7 50.a4 Kf6 51.a5 Kg5 52.a6 Kxg4 53.a7 Kg3 
54.Rb8 Rf2+ 55.Ke1 Kg2 0-1

[Event "R1 Gambit de Muret-St Foy"]
[Site "Gambit de Muret"]
[Date "2005.02.06"]
[Round "5"]
[White "Misiaszek, Stephan"]
[Black "Spanoudakis, Serge"]
[Result "1-0"]
[WhiteElo "1410"]
[BlackElo "1550"]
[EventDate "2005.??.??"]
[PlyCount "57"]

1.d4 Nf6 2.Nf3 g6 3.e3 Bg7 4.Bd3 d5 5.Nbd2 O-O 6.O-O Nbd7 7.Re1 e6 8.c3 c5
9.e4 dxe4 10.Nxe4 cxd4 11.Nxd4 Nxe4 12.Bxe4 Nc5 13.Bc2 Qe7 14.b4 Na6 15.a3
Rd8 16.Qf3 Nc7 17.Qg3 Nd5 18.Bb2 Bxd4 19.cxd4 Bd7 20.Bb3 Bc6 21.Re5 Qd6 
22.Rae1 Re8 23.b5 Bxb5 24.Bxd5 Qb6 25.Bf3 Bc4 26.Ba1 Rac8 27.d5 Qc7 28.Qg5
f6 29.Qxf6 1-0

[Event "R1 Gambit de Muret-St Foy"]
[Site "Gambit de Muret"]
[Date "2005.02.06"]
[Round "5"]
[White "Doyen, Jean-Marie"]
[Black "Ajdari, Emmanuel"]
[Result "0-1"]
[WhiteElo "1649"]
[BlackElo "1670"]
[EventDate "2005.??.??"]
[PlyCount "70"]

1.d4 d5 2.c4 c6 3.Nc3 e5 4.e3 exd4 5.exd4 Nf6 6.Nf3 Bb4 7.Bd2 O-O 8.Be2 
dxc4 9.Bxc4 Re8+ 10.Be2 Bg4 11.O-O Bxf3 12.Bxf3 Qxd4 13.a3 Bxc3 14.Bxc3 
Qxd1 15.Raxd1 Nbd7 16.Rfe1 Rad8 17.Kf1 Rxe1+ 18.Rxe1 Re8 19.Rd1 h6 20.b4 
Ne5 21.Bxe5 Rxe5 22.h3 Kf8 23.Rd8+ Re8 24.Rxe8+ Kxe8 25.b5 Nd5 26.Ke1 Ke7 
27.Kd2 Kd6 28.bxc6 bxc6 29.g3 Kc5 30.Be2 Kd4 31.Kc2 c5 32.h4 c4 33.Bf3 Nc3
34.Bg4 Ne4 35.f3 Nxg3 0-1

[Event "R1 Gambit de Muret-St Foy"]
[Site "Gambit de Muret"]
[Date "2005.02.06"]
[Round "5"]
[White "Callejon, Bernard"]
[Black "Selam, Hervé"]
[Result "0-1"]
[WhiteElo "1530"]
[BlackElo "1490"]
[EventDate "2005.??.??"]
[PlyCount "94"]

1.d4 f5 2.c4 Nf6 3.Nc3 e6 4.a3 Be7 5.Bf4 O-O 6.Nf3 d6 7.e3 Nbd7 8.Bd3 Ne8 
9.Qc2 Ndf6 10.O-O-O a5 11.a4 d5 12.cxd5 Nxd5 13.Nxd5 exd5 14.Ne5 c6 15.g4 
Nd6 16.Rhg1 b5 17.Nxc6 Qe8 18.Bxd6 Bxd6 19.Bxb5 Bd7 20.Kb1 Rc8 21.Qb3 Bxc6
22.Bxc6 Qe4+ 23.Ka1 Rxc6 24.f3 Qxf3 25.Rdf1 Qe4 26.h3 Rb8 27.Qa2 Rf8 28.
Qb3 Be7 29.Rf4 Qe6 30.g5 Bd6 31.Rff1 Rb8 32.Qd3 g6 33.h4 Rb4 34.b3 Qc8 35.
Rb1 Rc3 36.Qe2 Rc2 37.Qe1 Qc3+ 38.Qxc3 Rxc3 39.Rbe1 Rbxb3 40.Rg2 Rxe3 41.
Rc1 Ra3+ 42.Ra2 Rxa2+ 43.Kxa2 Rd3 44.Rc8+ Kf7 45.Ra8 f4 46.Ra7+ Be7 47.
Rxa5 f3 0-1

[Event "R1 Gambit de Muret-St Foy"]
[Site "Gambit de Muret"]
[Date "2005.02.06"]
[Round "5"]
[White "Boulogne, Laurent"]
[Black "Flourac, Jean-Paul"]
[Result "1-0"]
[WhiteElo "1820"]
[BlackElo "1680"]
[EventDate "2005.??.??"]
[PlyCount "31"]

1.e4 e5 2.Nf3 d5 3.Nxe5 dxe4 4.Bc4 Qg5 5.Bxf7+ Kd8 6.d4 Qxg2 7.Rf1 Nf6 8.
Bh5 Bh3 9.Be2 Kc8 10.Bf4 g5 11.Bg3 e3 12.fxe3 Ne4 13.Bg4+ Bxg4 14.Qxg4+ 
Kd8 15.Nf7+ Ke7 16.Bd6+ 1-0

[Event "R1 Colomiers2-Millau"]
[Site "Albi"]
[Date "2005.02.06"]
[Round "5.6"]
[White "Hazak, Marcel"]
[Black "Avdagic, Faris"]
[Result "1-0"]
[WhiteElo "1300"]
[BlackElo "1410"]
[EventDate "2005.??.??"]
[PlyCount "85"]

1.Nf3 Nc6 2.d4 d5 3.Bf4 Bg4 4.Ne5 Nxe5 5.Bxe5 Nf6 6.f3 Bf5 7.e3 a6 8.c4 
dxc4 9.Bxc4 Nd7 10.Bg3 Nb6 11.Bb3 e6 12.O-O Bd6 13.Bf2 Qg5 14.h4 Qd8 15.
Nd2 Be7 16.g3 Bd6 17.f4 h5 18.Qc1 Nd7 19.Nc4 Nf6 20.Nd2 Rh6 21.Nf3 Be7 22.
Ng5 Rg6 23.Re1 Ng4 24.e4 Nxf2 25.exf5 Nd3 26.Qc4 Nxe1 27.Rxe1 Rf6 28.fxe6 
fxe6 29.Nxe6 b5 30.Qc6+ Kf7 31.Nxd8+ Kg6 32.Qxa8 Bb4 33.Qe4+ Kh6 34.Re2 c5
35.dxc5 Bxc5+ 36.Kg2 Rf8 37.Qe6+ Kh7 38.Nf7 g6 39.Bc2 Rg8 40.Ne5 Bf8 41.
Bxg6+ Rxg6 42.Qxg6+ Kh8 43.Nf7# 1-0

[Event "R1 Colomiers2-Millau"]
[Site "Albi"]
[Date "2005.02.06"]
[Round "5.5"]
[White "Campoy, Steve"]
[Black "Balard, Philippe"]
[Result "1-0"]
[WhiteElo "1370"]
[BlackElo "1480"]
[EventDate "2005.??.??"]
[PlyCount "69"]

1.e4 e5 2.Nf3 d6 3.Nc3 Nf6 4.Bc4 h6 5.d4 exd4 6.Qxd4 Nc6 7.Qe3 Nb4 8.Bb3 
Qe7 9.e5 Ng4 10.Qe4 a5 11.h3 Nxe5 12.O-O Be6 13.Nxe5 Bxb3 14.axb3 dxe5 15.
Qxb7 Rd8 16.Qb5+ Qd7 17.Qxe5+ Be7 18.Qxg7 Rf8 19.Bxh6 Qf5 20.Rfe1 Kd7 21.
Qg4 Qxg4 22.hxg4 Rh8 23.Rad1+ Kc8 24.Rxe7 Rxh6 25.Rxd8+ Kxd8 26.Rxf7 Nc6 
27.Nd5 Rd6 28.Rxc7 Ne5 29.Rc5 Nxg4 30.Rxa5 Kd7 31.Ne3 Nf6 32.g4 Ne4 33.Rd5
Rxd5 34.Nxd5 Ke6 35.Nf4+ 1-0

[Event "R1 Colomiers2-Millau"]
[Site "Albi"]
[Date "2005.02.06"]
[Round "5.4"]
[White "Ambral, Olivier"]
[Black "Amblard, Philippe"]
[Result "0-1"]
[WhiteElo "1499"]
[BlackElo "1490"]
[EventDate "2005.??.??"]
[PlyCount "92"]

1.d4 d5 2.e3 c6 3.Nf3 Nf6 4.Bd3 a6 5.Bd2 e6 6.b3 b5 7.b4 Nbd7 8.a3 Bb7 9.
Bc3 Bd6 10.g3 O-O 11.Nbd2 Re8 12.Nb3 e5 13.dxe5 Nxe5 14.Nxe5 Bxe5 15.Bxe5 
Rxe5 16.Qf3 Qc7 17.Qf4 Rae8 18.O-O-O Nd7 19.Nd4 Nb6 20.Nf3 R5e7 21.Qxc7 
Rxc7 22.Ng5 h6 23.Nf3 Nd7 24.h4 c5 25.g4 d4 26.Rhe1 Bxf3 27.exd4 Rxe1 28.
Rxe1 cxd4 29.Re8+ Nf8 30.g5 hxg5 31.hxg5 g6 32.Kd2 Kg7 33.Be4 Bxe4 34.Rxe4
Ne6 35.f4 Rc3 36.Rxd4 Rxa3 37.Rd3 Rxd3+ 38.cxd3 Nxf4 39.d4 Nd5 40.Kd3 
Nxb4+ 41.Ke4 Kf8 42.d5 Nxd5 43.Kxd5 Ke7 44.Kc5 Ke6 45.Kb6 Kf5 46.Kxa6 Kxg5
0-1

[Event "R1 Colomiers2-Millau"]
[Site "Albi"]
[Date "2005.02.06"]
[Round "5.3"]
[White "Avdagic, Ajdin"]
[Black "Calvignac, Maurice"]
[Result "1/2-1/2"]
[WhiteElo "1580"]
[BlackElo "1630"]
[EventDate "2005.??.??"]
[PlyCount "84"]

1.b3 e5 2.Bb2 Nc6 3.e3 Nf6 4.Nf3 d6 5.d4 e4 6.Nfd2 d5 7.c4 Be7 8.cxd5 Qxd5
9.Nc3 Qf5 10.h3 a6 11.Be2 O-O 12.Qc2 Nb4 13.Qb1 Qg6 14.g4 b5 15.a3 Nd3+ 
16.Bxd3 exd3 17.e4 Bb7 18.Qxd3 Rfe8 19.f3 Rad8 20.Qe3 b4 21.Ne2 bxa3 22.
Bxa3 Bxa3 23.Rxa3 h6 24.O-O Nd5 25.Qd3 Nb4 26.Qc3 Qd6 27.Re1 Nd3 28.Rea1 
Nf4 29.Nxf4 Qxf4 30.Kg2 h5 31.Rd1 h4 32.Nf1 Re7 33.Qe3 Qd6 34.Ra5 Rde8 35.
Qg5 Bxe4 36.fxe4 Rxe4 37.Rd5 Re2+ 38.Kg1 Qc6 39.Rd2 Re1 40.Rd8 Rxf1+ 41.
Kxf1 Qh1+ 42.Kf2 Qh2+ 1/2-1/2

[Event "R1 Colomiers2-Millau"]
[Site "Albi"]
[Date "2005.02.06"]
[Round "5.2"]
[White "Chorazy, Andre"]
[Black "Paradis, Francois"]
[Result "1/2-1/2"]
[WhiteElo "1740"]
[BlackElo "1499"]
[EventDate "2005.??.??"]
[PlyCount "82"]

1.b4 e6 2.Bb2 Nf6 3.b5 d5 4.Nf3 c6 5.a4 cxb5 6.axb5 a6 7.e3 Be7 8.Be2 O-O 
9.d3 Nbd7 10.O-O Nb6 11.Nbd2 Bd7 12.bxa6 bxa6 13.Ne5 Qc7 14.d4 a5 15.c4 
dxc4 16.Ndxc4 Nxc4 17.Bxc4 Bb4 18.Rc1 Qd6 19.Nxd7 Qxd7 20.Qd3 Qd6 21.Bb5 
Rfc8 22.Rxc8+ Rxc8 23.e4 Qf4 24.Ba6 Rd8 25.e5 Nd5 26.Bc1 Qh4 27.f4 g6 28.
Bb7 Qe7 29.Bxd5 Rxd5 30.Bd2 Bxd2 31.Qxd2 Qa7 32.Rd1 Kg7 33.g4 f6 34.exf6+ 
Kxf6 35.Kg2 a4 36.h4 a3 37.f5 exf5 38.Qg5+ Kg7 39.gxf5 Rxf5 40.Qd2 a2 41.
Qb2 Rd5 1/2-1/2

[Event "R1 Colomiers2-Millau"]
[Site "Albi"]
[Date "2005.02.06"]
[Round "5.1"]
[White "Artis, Paul"]
[Black "Croux, Laurent"]
[Result "0-1"]
[WhiteElo "1490"]
[BlackElo "1760"]
[EventDate "2005.??.??"]
[PlyCount "70"]

1.e4 c5 2.Nf3 d6 3.d4 cxd4 4.Nxd4 Nf6 5.Nc3 g6 6.f3 Bg7 7.Be3 O-O 8.Qd2 
Nc6 9.O-O-O Bd7 10.Bh6 Rc8 11.Bxg7 Kxg7 12.g4 Ne5 13.g5 Nh5 14.h4 Nc4 15.
Bxc4 Rxc4 16.Rh2 Qa5 17.Kb1 Rb8 18.f4 b5 19.Nb3 Qd8 20.Nd5 Rxe4 21.Qd3 Bf5
22.Qc3+ Kg8 23.Rd4 Rc8 24.Rxe4 Rxc3 25.Nxc3 Bxe4 26.Nxe4 Nxf4 27.Rf2 Ne6 
28.c3 Qb6 29.Rf1 Qe3 30.Nbd2 Nc5 31.Kc2 Qd3+ 32.Kc1 Nxe4 33.Rf3 Qe2 34.Rf4
Nf2 35.Rf3 Qd1# 0-1

[Event "R1 Blaye-Tournefeuille3"]
[Site "Blaye les mines"]
[Date "2005.02.06"]
[Round "5"]
[White "Marni-Sandid, Tarik"]
[Black "Olle, Jean-Pierre"]
[Result "1/2-1/2"]
[WhiteElo "1590"]
[BlackElo "1760"]
[EventDate "2005.??.??"]
[PlyCount "97"]

1.e4 c5 2.Nf3 d6 3.d4 cxd4 4.Nxd4 Nf6 5.Nc3 e6 6.f3 Be7 7.Bc4 a6 8.Bb3 Qc7
9.Be3 Bd7 10.Qd2 Nc6 11.O-O-O Ne5 12.g4 Nc4 13.Bxc4 Qxc4 14.h4 b5 15.Nb3 
b4 16.Ne2 Rc8 17.h5 Ba4 18.Ned4 Nd7 19.g5 Nc5 20.Kb1 Nd7 21.g6 Nf6 22.
gxf7+ Kxf7 23.Rdg1 Rhg8 24.Qh2 Bxb3 25.axb3 Qc7 26.Qh3 Qd7 27.Rg2 Rc5 28.
Bg5 h6 29.Bxf6 Bxf6 30.Rd1 Rgc8 31.Qg3 Rg5 32.Qh3 Rxg2 33.Qxg2 Rc5 34.Qg6+
Kg8 35.Qg4 Kf7 36.f4 Bxd4 37.Rxd4 a5 38.Qg6+ Kf8 39.f5 Re5 40.f6 Qf7 41.
fxg7+ Qxg7 42.Rxd6 Qxg6 43.hxg6 Kg7 44.Rd4 Kxg6 45.Kc1 h5 46.Kd2 h4 47.Ke3
Kg5 48.Kf3 Rc5 49.Rd2 1/2-1/2